The United Arab Emirates yearbook 2005.
| Format: | Book |
|---|---|
| Published: |
[S.l]:
[s.n],
2005.
|
| Subjects: |
| LEADER | 00407cam a2200133 7i4500 | ||
|---|---|---|---|
| 001 | 0000016803 | ||
| 005 | 20060111090000.0 | ||
| 090 | 0 | 0 | |a UAE 338.7 |b UNI |
| 245 | 0 | 4 | |a The United Arab Emirates yearbook 2005. |
| 260 | 0 | 0 | |a [S.l]: |b [s.n], |c 2005. |
| 300 | # | # | |a 352 p. |
| 650 | 0 | 0 | |a Business -- |x Yearbooks -- |z United Arab Emirates |
| 651 | 0 | 0 | |a United Arab Emirates |
| 999 | |a 0000018107 |b Book |c Countries |e Business Information Centre | ||